[Event "Pinneberg-ch"]
[Site "Pinneberg"]
[Date "2018.08.16"]
[Round "1"]
[White "Dangelowski, Peter"]
[Black "Fluegge, Jan"]
[Result "1-0"]
[WhiteElo "1604"]
[BlackElo "910"]
[PlyCount "40"]
[EventDate "2018.08.16"]
[EventType "swiss"]
[EventRounds "7"]
[EventCountry "GER"]
[SourceTitle "EXT 2019"]
[Source "ChessBase"]
[SourceDate "2018.10.10"]
[SourceVersion "1"]
[SourceVersionDate "2018.10.10"]
[SourceQuality "1"]

1. d4 d5 2. Bf4 f6 3. Nf3 Nc6 4. e3 a6 5. Nc3 Bf5 6. Bd3 Qd7 7. Bxf5 Qxf5 8. Nh4 Qd7 9. Qh5+ g6 10. Nxg6 0-0-0 11. Nxh8 Nb4 12. Rc1 Re8 13. a3 Nc6 14. Qf5 Nb4 15. Qxd5 e5 16. Qxd7+ Kxd7 17. dxe5 fxe5 18. Rd1+ Kc8 19. Bg3 b5 20. Bh4 Nxc2+ 1-0

[Event "Pinneberg-ch"]
[Site "Pinneberg"]
[Date "2017.09.14"]
[Round "2"]
[White "Fluegge, Jan"]
[Black "Luettig, Hendrik"]
[Result "0-1"]
[WhiteElo "930"]
[BlackElo "1476"]
[PlyCount "72"]
[EventDate "2017.09.07"]
[EventType "swiss"]
[EventRounds "7"]
[EventCountry "GER"]
[SourceTitle "EXT 2019"]
[Source "ChessBase"]
[SourceDate "2018.10.10"]
[SourceVersion "1"]
[SourceVersionDate "2018.10.10"]
[SourceQuality "1"]

1. e4 e5 2. Nf3 Nc6 3. d4 exd4 4. Bc4 h6 5. 0-0 Bc5 6. e5 Nge7 7. Ng5 hxg5 8. Bxg5 Nxe5 9. Bb3 f6 10. Bf4 d6 11. Re1 Bd7 12. Qe2 Bc6 13. Bxe5 dxe5 14. Qg4 g6 15. Qe6 Rf8 16. Nd2 Bd5 17. Bxd5 Qxd5 18. Qg4 Qd7 19. Qxd7+ Kxd7 20. Ne4 b6 21. Rad1 Rad8 22. c3 Kc8 23. b4 Bd6 24. cxd4 Bxb4 25. Re2 Nf5 26. g4 Rxd4 27. Rc1 Nd6 28. f3 Nxe4 29. fxe4 Rfd8 30. Rf1 Rd1 31. Ref2 Bc5 32. Rxd1 Rxd1+ 33. Kg2 Bxf2 34. Kxf2 Rd2+ 35. Kg3 g5 36. h4 Rd3+ 0-1